000 00207 a2200097 4500
001 7096
100 _aKhan, R.B
245 _aMy beloved Pakistan
260 _a
_bTrade industry pubs
_c
090 _c5866
_d5866
942 _aNUST-CAE
_cM
_c32340
999 _c242169
_d242169